000 00513cam a2200217ua 4500
001 10405
008 190128n ii |||gr||||Z||||||asm
020 _a8173394458
040 _cMAIN
041 _aasm
082 _a302.2
100 _aNirajana Mahanta Bezborah,
_eAuthor.
245 _aYogayog kala (A)
250 _a4th ed.
260 _aDibrugarh:
_bBanalata,
_c2017.
300 _a150p.
653 _aSocial interaction
653 _aTechnical communication
653 _aScript writing
942 _cBK
999 _c9394
_d9394